000 00486nam a2200133Ia 4500
008 100328s9999 xx 000 0 und d
082 _b9158
100 _aकरमळकर भा.स.- संग्रा.
245 _aनित्योपयोगी वास्तुपाठ
260 _bउद्यम
630 _aनित्योपयोगी वास्तुपाठ
730 _aनित्योपयोगी वास्तुपाठ
942 _cBOOK
999 _c504874
_d504871